Tạp chí khoa học Đại học Đồng Tháp : Chuyên san khoa học xã hội và nhân văn = Dong Thap university journal of science : Social sciences and humanities issue Tập 9 - Số 3
Nội dung gồm Nghiên cứu ứng dụng chức năng Table của máy tính Casio fx-580VN X vào hỗ trợ giải một số dạng toán phổ thông; Sự hội tụ của dãy lặp hai bước đến điểm bất động chung của hai ánh xạ G-không giãn tiệm cận trong không gian Banach...
Salvato in:
| Natura: | Libro |
|---|---|
| Lingua: | Vietnamese |
| Pubblicazione: |
Đồng Tháp
Trường Đại học Đồng Tháp
2020
|
| Soggetti: | |
| Tags: |
Aggiungi Tag
Nessun Tag, puoi essere il primo ad aggiungerne! !
|
| Thư viện lưu trữ: | Thư viện Trường Đại học Nam Cần Thơ |
|---|
| LEADER | 01522nam a22002297a 4500 | ||
|---|---|---|---|
| 001 | NCT_123814 | ||
| 008 | 200522b xxu||||| |||| 00| 0 vie d | ||
| 999 | |c 6342 |d 6342 | ||
| 022 | |a 0866-7675 | ||
| 041 | 0 | |a vie | |
| 082 | 0 | 4 | |2 23rd ed. |a 378 |b T109C |
| 245 | 0 | 0 | |a Tạp chí khoa học Đại học Đồng Tháp : |b Chuyên san khoa học xã hội và nhân văn = Dong Thap university journal of science : Social sciences and humanities issue |n Tập 9 - Số 3 |c Trường Đại học Đồng Tháp |
| 260 | |a Đồng Tháp |b Trường Đại học Đồng Tháp |c 2020 | ||
| 300 | |c 27cm | ||
| 310 | |a 2 tháng 1 kỳ | ||
| 362 | |a 6/2020 | ||
| 520 | 3 | |a Nội dung gồm Nghiên cứu ứng dụng chức năng Table của máy tính Casio fx-580VN X vào hỗ trợ giải một số dạng toán phổ thông; Sự hội tụ của dãy lặp hai bước đến điểm bất động chung của hai ánh xạ G-không giãn tiệm cận trong không gian Banach với đồ thị; Phân tích môđun cyclic trong đại số đường đi Leavitt;... | |
| 655 | |a Tạp chí | ||
| 942 | |2 ddc |c CR | ||
| 952 | |0 0 |1 0 |2 ddc |4 0 |6 378_000000000000000_T109C |7 0 |9 23940 |a 000001 |b 000001 |d 2022-05-13 |o 378 T109C |r 2022-05-13 |w 2022-05-13 |y CR | ||
| 952 | |0 0 |1 0 |2 ddc |4 0 |6 378_000000000000000_T109C |7 0 |9 23941 |a 000001 |b 000001 |d 2022-05-13 |o 378 T109C |r 2022-05-13 |w 2022-05-13 |y CR | ||
| 980 | |a Thư viện Trường Đại học Nam Cần Thơ | ||